|
|
|
|
| LEADER |
00000nab#a22000007a#4500 |
| 001 |
arbauad036936 |
| 003 |
AR-BaUAD |
| 005 |
20250711112918.0 |
| 008 |
990601|||||||||###||||||b###|0###a|spa|| |
| 040 |
|
|
|a AR-BaUAD
|c AR-BaUAD
|b spa
|
| 100 |
|
|
|a Casciani, Stefano
|
| 245 |
|
|
|a Ballando sul filo /
|c Stefano Casciani;
|
| 300 |
0 |
|
|b fot.
|
| 653 |
|
|
|a TECNOLOGIA
|
| 653 |
|
|
|a MATERIALES
|
| 653 |
|
|
|a TELAS DE TAPICERIA
|
| 653 |
|
|
|a TELAS
|
| 653 |
|
|
|a HIGH TECH
|
| 653 |
|
|
|a INDUMENTARIA
|
| 653 |
|
|
|a TEXTURAS
|
| 653 |
|
|
|a DISEÑO TEXTIL
|
| 653 |
|
|
|a DISEÑO INDUSTRIAL
|
| 773 |
0 |
|
|t ABITARE
|g no. 382 [mar. 1999], p. 153-159
|
| 942 |
|
|
|c ARTI
|
| 952 |
|
|
|0 0
|1 0
|4 0
|7 0
|9 81855
|a AR-BAuAD
|b AR-BAuAD
|d 2025-07-11
|l 0
|p AAQA036936
|r 2025-07-11 11:29:18
|w 2025-07-11
|y ARTI
|
| 990 |
|
|
|a DI199
|b TD
|
| 990 |
|
|
|a DT199
|b TD
|
| 998 |
|
|
|a AAQ
|b BIBUN76
|
| 999 |
|
|
|c 61528
|d 61528
|